• 首页
  • 本馆介绍
  • 公告通知
  • 最新文献
  • 馆藏检索
  • 电子资源
  • 读者导购
  • 参考咨询
  • 我的图书馆
  • 登录
  • 详细信息显示
  • 放入我的书架
  • 预约/预借图书
  • 作者相关作品
  • 分类相关作品
  • 丛书相关作品
  • 出版社相关作品

书目信息

  • 表格格式
  • 工作单格式
  • 卡片格式
题名:
长宁区教育科研成果选编
    
 
作者: 姚期 主编
分册: 第12辑下册  
出版信息: 上海   上海科技教育出版社  2017
页数: 3-511页
开本: 24cm
丛书名:
单 册:
中图分类: G40-03
科图分类:
主题词: 教育研究--研究报告--长宁区
电子资源:
ISBN: 978-7-5428-5959-4
000 00909nam0 2200241 45
001 012001004877
005 20191204084406.46
010    @a978-7-5428-5959-4@dCNY99.00
100    @a20181129d2017 em y0chiy50 ea
101 0  @achi
102    @aCN@b310000
105    @ay z 000yy
106    @ar
200 1  @a长宁区教育科研成果选编@9chang ning qu jiao yu ke yan cheng guo xuan bian@h第12辑下册@f姚期主编@AChang Ning Qu Jiao Yu Ke Yan Cheng Guo Xuan Bian@PCNQJYKYCGXB@FYao Qi Zhu Bian
210    @a上海@c上海科技教育出版社@d2017
215    @a3-511页@d24cm
314    @a版权页题:姚期主编
330    @a本书收录了《“教育剧场”课程的开发与实施》《基于观察力提升的自然笔记课程建设研究》《具有学校特色的创新素养培育课程建设》等文章。
606 0  @a教育研究@x研究报告@y长宁区
690    @aG40-03@v5
701  0 @a姚期@9yao qi@4主编
801  0 @aCN@b江苏凤凰@c20191020
905    @b1239804-7@dG40-03@e1067:2@f4
    
    长宁区教育科研成果选编.第12辑下册/姚期主编.-上海:上海科技教育出版社,2017
    3-511页;24cm
    
    
    ISBN 978-7-5428-5959-4:CNY99.00
    本书收录了《“教育剧场”课程的开发与实施》《基于观察力提升的自然笔记课程建设研究》《具有学校特色的创新素养培育课程建设》等文章。
●
相关链接 在E读中查询图书 在五车中查询图书 在当当中查询图书 在豆瓣中查询图书


正题名:长宁区教育科研成果选编     索取号:G40-03/1067:2         预约/预借

序号 登录号 条形码 馆藏地/架位号 状态 备注
1 1239804   212398047   第一样本阅览室/ [索取号:G40-03/1067:2] 在馆    
2 1239805   212398056   教育系资料室/ [索取号:G40-03/1067:2] 在馆    
3 1239806   212398065   教育系资料室/ [索取号:G40-03/1067:2] 在馆    
4 1239807   212398074   第四借阅区/ [索取号:G40-03/1067:2] 在馆    
唐山师范学院图书馆 欢迎您!
大连网信软件有限公司© 版权所有